Geography Quiz

Random Geography or City Quiz

City Clicknames Quiz Stats

Quiz Updated Jun 6, 2012

Also try: City Nicknames
Challenge
Share
Tweet
Embed
Score 0/25 Timer 04:00
22 Plays Today
% Correct
New York
95.5%
Chicago
91.2%
Johannesburg
91.1%
Las Vegas
90.3%
Detroit
89.9%
Los Angeles
89%
Jerusalem
85.1%
Philadelphia
79.8%
New Orleans
77.4%
Boston
75%
Paris
61.5%
Calgary
53.3%
Rome
52.7%
% Correct
Budapest
47.9%
Bangkok
47.7%
Seattle
40.7%
Venice
36.9%
London
31.8%
Edinburgh
30%
St. Petersburg
24.7%
Oxford
20.9%
Prague
17.8%
Lisbon
12.1%
Moscow
11.4%
Montreal
10.9%
 
Number % Answered
25 (all)
2.6%
22-24
4.4%
19-21
8.1%
16-18
19.2%
13-15
27.3%
10-12
20.1%
7-9
9.5%
4-6
4.9%
1-3
4%

You're not logged in!

Compare scores with friends on all Sporcle quizzes.
Sign Up with Email
OR
Log In

You Might Also Like...

Show Comments

Extras


Your Account Isn't Verified!

In order to create a playlist on Sporcle, you need to verify the email address you used during registration. Go to your Sporcle Settings to finish the process.